Cliquez sur la bonne traduction en anglais - Les signes du zodiaque - Statistiques

Statistiques générales
  • Ce quiz a été pris 525 fois
  • Le résultat moyen est 10 sur 12
Statistiques - réponses
Hint Réponse % Correct
Cancer Cancer
98%
Lion Leo
96%
Taureau Taurus
96%
Vierge Virgo
94%
Gémeaux Gemini
93%
Scorpion Scorpio
92%
Sagittaire Sagittarius
91%
Capricorne Capricorn
89%
Balance Libra
66%
Poissons Pisces
65%
Bélier Aries
62%
Verseau Aquarius
54%
Aucun quiz correspondant
Distribution des résultats
% des personnes avec chaque résultat
Percentile par nombre de réponses
Votre historique - résultats
Vous n’avez pas pris ce quiz